<?xml version="1.0" encoding="UTF-8"?>
<record
    xmlns:xsi="http://www.w3.org/2001/XMLSchema-instance"
    xsi:schemaLocation="http://www.loc.gov/MARC21/slim http://www.loc.gov/standards/marcxml/schema/MARC21slim.xsd"
    xmlns="http://www.loc.gov/MARC21/slim">

  <leader>00366nam a22001577a 4500</leader>
  <datafield tag="999" ind1=" " ind2=" ">
    <subfield code="c">10718</subfield>
    <subfield code="d">10718</subfield>
  </datafield>
  <controlfield tag="003">OSt</controlfield>
  <controlfield tag="008">210713b           ||||| |||| 00| 0 eng d</controlfield>
  <datafield tag="020" ind1=" " ind2=" ">
    <subfield code="a">9795193325139</subfield>
  </datafield>
  <datafield tag="082" ind1=" " ind2=" ">
    <subfield code="a">425 VEE</subfield>
  </datafield>
  <datafield tag="100" ind1=" " ind2=" ">
    <subfield code="a">VERMA,Gopal</subfield>
  </datafield>
  <datafield tag="245" ind1=" " ind2=" ">
    <subfield code="a">The English Acumen</subfield>
  </datafield>
  <datafield tag="260" ind1=" " ind2=" ">
    <subfield code="a">New Delhi</subfield>
    <subfield code="b">Gopal Verma Publication</subfield>
  </datafield>
  <datafield tag="300" ind1=" " ind2=" ">
    <subfield code="a">855</subfield>
  </datafield>
  <datafield tag="650" ind1=" " ind2=" ">
    <subfield code="a">Applied Sc</subfield>
  </datafield>
  <datafield tag="942" ind1=" " ind2=" ">
    <subfield code="2">ddc</subfield>
    <subfield code="c">BK</subfield>
    <subfield code="0">9</subfield>
  </datafield>
  <datafield tag="952" ind1=" " ind2=" ">
    <subfield code="0">0</subfield>
    <subfield code="1">0</subfield>
    <subfield code="2">ddc</subfield>
    <subfield code="4">0</subfield>
    <subfield code="7">0</subfield>
    <subfield code="8">GENERAL</subfield>
    <subfield code="a">PIET</subfield>
    <subfield code="b">PIET</subfield>
    <subfield code="d">2021-06-21</subfield>
    <subfield code="e">Kirti Praskshan</subfield>
    <subfield code="f">IN2169</subfield>
    <subfield code="g">425.00</subfield>
    <subfield code="k">IN2169</subfield>
    <subfield code="l">4</subfield>
    <subfield code="o">425 VEE</subfield>
    <subfield code="p">33072</subfield>
    <subfield code="r">2024-09-06 00:00:00</subfield>
    <subfield code="s">2024-08-14</subfield>
    <subfield code="v">340.00</subfield>
    <subfield code="w">2021-06-21</subfield>
    <subfield code="y">BK</subfield>
  </datafield>
  <datafield tag="952" ind1=" " ind2=" ">
    <subfield code="0">0</subfield>
    <subfield code="1">0</subfield>
    <subfield code="2">ddc</subfield>
    <subfield code="4">0</subfield>
    <subfield code="7">0</subfield>
    <subfield code="8">GENERAL</subfield>
    <subfield code="a">PIET</subfield>
    <subfield code="b">PIET</subfield>
    <subfield code="d">2021-06-21</subfield>
    <subfield code="e">Kirti Praskshan</subfield>
    <subfield code="f">IN2169</subfield>
    <subfield code="g">425.00</subfield>
    <subfield code="k">IN2169</subfield>
    <subfield code="l">0</subfield>
    <subfield code="o">425 VEE</subfield>
    <subfield code="p">33073</subfield>
    <subfield code="r">2021-07-13 00:00:00</subfield>
    <subfield code="v">340.00</subfield>
    <subfield code="w">2021-06-21</subfield>
    <subfield code="y">BK</subfield>
  </datafield>
  <datafield tag="952" ind1=" " ind2=" ">
    <subfield code="0">0</subfield>
    <subfield code="1">0</subfield>
    <subfield code="2">ddc</subfield>
    <subfield code="4">0</subfield>
    <subfield code="7">0</subfield>
    <subfield code="8">GENERAL</subfield>
    <subfield code="a">PIET</subfield>
    <subfield code="b">PIET</subfield>
    <subfield code="d">2021-06-21</subfield>
    <subfield code="e">Kirti Praskshan</subfield>
    <subfield code="f">IN2169</subfield>
    <subfield code="g">425.00</subfield>
    <subfield code="k">IN2169</subfield>
    <subfield code="l">5</subfield>
    <subfield code="o">425 VEE</subfield>
    <subfield code="p">33074</subfield>
    <subfield code="r">2024-03-06 00:00:00</subfield>
    <subfield code="s">2023-12-04</subfield>
    <subfield code="v">340.00</subfield>
    <subfield code="w">2021-06-21</subfield>
    <subfield code="y">BK</subfield>
  </datafield>
  <datafield tag="952" ind1=" " ind2=" ">
    <subfield code="0">0</subfield>
    <subfield code="1">0</subfield>
    <subfield code="2">ddc</subfield>
    <subfield code="4">0</subfield>
    <subfield code="7">0</subfield>
    <subfield code="8">GENERAL</subfield>
    <subfield code="a">PIET</subfield>
    <subfield code="b">PIET</subfield>
    <subfield code="d">2021-06-21</subfield>
    <subfield code="e">Kirti Praskshan</subfield>
    <subfield code="f">IN2169</subfield>
    <subfield code="g">425.00</subfield>
    <subfield code="k">IN2169</subfield>
    <subfield code="l">0</subfield>
    <subfield code="o">425 VEE</subfield>
    <subfield code="p">33075</subfield>
    <subfield code="r">2021-07-13 00:00:00</subfield>
    <subfield code="v">340.00</subfield>
    <subfield code="w">2021-06-21</subfield>
    <subfield code="y">BK</subfield>
  </datafield>
  <datafield tag="952" ind1=" " ind2=" ">
    <subfield code="0">0</subfield>
    <subfield code="1">0</subfield>
    <subfield code="2">ddc</subfield>
    <subfield code="4">0</subfield>
    <subfield code="7">0</subfield>
    <subfield code="8">GENERAL</subfield>
    <subfield code="a">PIET</subfield>
    <subfield code="b">PIET</subfield>
    <subfield code="d">2021-06-21</subfield>
    <subfield code="e">Kirti Praskshan</subfield>
    <subfield code="f">IN2169</subfield>
    <subfield code="g">425.00</subfield>
    <subfield code="k">IN2169</subfield>
    <subfield code="l">5</subfield>
    <subfield code="o">425 VEE</subfield>
    <subfield code="p">33076</subfield>
    <subfield code="r">2024-12-20 00:00:00</subfield>
    <subfield code="s">2024-12-12</subfield>
    <subfield code="v">340.00</subfield>
    <subfield code="w">2021-06-21</subfield>
    <subfield code="y">BK</subfield>
  </datafield>
</record>
